ALL the Targaryens mentioned in "Fire and Blood" by George R.R. Martin - Statistics

General Stats
  • This quiz has been taken 75 times
  • The average score is 40 of 46
Answer Stats
Answer % Correct
Aegon III Targaryen
100%
Aegon II Targaryen
100%
Aegon I Targaryen
100%
Aegon Targaryen
100%
Aegon Targaryen
100%
Aegon Targaryen
100%
Aegon Targaryen
100%
Maegor Targaryen
100%
Aenys Targaryen
98%
Rhaenys Targaryen
98%
Rhaenys Targaryen
98%
Aemon Targaryen
96%
Aemon Targaryen
96%
Visenya Targaryen
96%
Visenya Targaryen
96%
Baelon Targaryen
95%
Baelon Targaryen
95%
Daemon Targaryen
95%
Rhaenyra Targaryen
95%
Viserys I Targaryen
95%
Viserys Targaryen
95%
Viserys Targaryen
95%
Jaehaerys Targaryen
93%
Jaehaerys Targaryen
93%
Rhaena Targaryen
91%
Rhaena Targaryen
91%
Aemond Targaryen
89%
Alysanne Targaryen
89%
Alyssa Targaryen
87%
Helaena Targaryen
87%
Daenerys Targaryen
85%
Daeron Targaryen
85%
Baela Targaryen
84%
Jaehaera Targaryen
82%
Vaegon Targaryen
82%
Maelor Targaryen
80%
Daella Targaryen
78%
Saera Targaryen
78%
Viserra Targaryen
78%
Gael Targaryen
76%
Gaemon Targaryen
76%
Vaella Targaryen
76%
Maegelle Targaryen
73%
Valerion Targaryen
67%
Rhaella Targaryen
38%
Aerea Targaryen
36%
No matching quizzes found
Score Distribution
Percent of People with Each Score
Percentile by Number Answered
Your Score History
You have not taken this quiz